Name a Valid Video Game Series - Statistics

General Stats
  • This quiz has been taken 834 times
  • The average score is 12 of 17
Answer Stats
Name a Video Game Series that... Answer % Correct
sold over 200 Million Copies Pokemon, FIFA, The Sims...
98%
is published by Nintendo Mario, The Legend of Zelda, Splatoon...
95%
is primarily a First Person Shooter Call of Duty, Halo, Battlefield...
94%
starts with the letter M Mario, Medal of Honor, Metal Gear...
93%
first came out in the 1980's Tetris, Pac-Man, Duck Hunt...
92%
is primarily a Fighting Game Street Fighter, Mortal Kombat, Tekken...
89%
is published by Rockstar Grand Theft Auto, Red Dead, Midnight Club, Max Payne
87%
is primarily a Racing Game Need For Speed, Gran Turismo, Forza...
83%
is published by Electronic Arts FIFA, Madden NFL, The Sims...
76%
is an Xbox Exclusive Halo, Gears of War, Forza
72%
is published by Ubisoft Assassins Creed, Tom Clancy's, Watch Dogs...
67%
has or primarily is a Role-Playing Game The Witcher, Fallout, Far Cry...
64%
had a new release in 2019 Civilization, Mortal Kombat, Warhammer...
61%
is a PlayStation Exclusive Uncharted, God of War, Last of Us...
60%
sold between 50-100 Million Copies The Elder Scrolls, Dragon Quest, Crash Bandicoot...
59%
first came out in the 2010's Minecraft, Overwatch, Watch Dogs...
38%
sold between 5-9 Million Copies Fire Emblem, Dead Space, SaGa...
15%
No matching quizzes found
Score Distribution
Percent of People with Each Score
Percentile by Number Answered
Your Score History
You have not taken this quiz